Normal view MARC view
  • Vasiliev, Vladimir Lubovich

Entry Nom personal

Number of records used in: 2

001 - NÚMERO DE CONTROL

  • campo de control: 168381

003 - IDENTIFICADOR DEL NÚMERO DE CONTROL

  • campo de control: ES-BaIT

005 - FECHA Y HORA DE LA ÚLTIMA TRANSACCIÓN

  • campo de control: 20260209103818.0

008 - DATOS DE LONGITUD FIJA

  • campo de control de longitud fija: 260209|| aca||aabn | a|a d

040 ## - FUENTE DE LA CATALOGACIÓN

  • Centro catalogador/agencia de origen: ES-BaIT

100 1# - ENCABEZAMIENTO-NOMBRE DE PERSONA

  • Nombre de persona: Vasiliev, Vladimir Lubovich

400 1# - TRAZADO DE VÉASE--NOMBRE DE PERSONA

  • Nombre de persona: Vasilëv, Vladimir Lubovich

400 1# - TRAZADO DE VÉASE--NOMBRE DE PERSONA

  • Nombre de persona: Vasiliov, Vladimir Lubovich

670 ## - FUENTE DE DATOS ENCONTRADOS

  • Cita de la fuente: LC/NAF, 9 febrer 2026
  • Información encontrada: (enc: Vasilëv, Vladimir Lubovich)

Powered by Koha